Manual de agricultura /
Guardado en:
| Autor Principal: | |
|---|---|
| Formato: | Libro |
| Publicado: |
México :
Continental,
1964
|
| Materias: | |
| Etiquetas: |
Agregar Etiqueta
Sin Etiquetas, Sea el primero en etiquetar este registro!
|
| LEADER | 00493nam a22001695a 4500 | ||
|---|---|---|---|
| 001 | CEM.cems003419 | ||
| 008 | 130507s1964##################000#0#####d | ||
| 005 | 20210826184839.0 | ||
| 003 | CEMS | ||
| 245 | 1 | 0 | |a Manual de agricultura / |c Owa State University. |
| 260 | |a México : |b Continental, |c 1964 | ||
| 300 | |a 785 p. | ||
| 505 | 0 | |a Vocabulario agr¡cola en inglés. | |
| 100 | 1 | |a Iowa State University | |
| 082 | 0 | 4 | |a 630 |
| 653 | |a Agricultura | ||
| 859 | |a CEMS |b BIB. CEMS - Agricultura |h 630 |i Io91 |p A3257.74 |t Ej.1 | ||
